Statistiken für Allgemeinunwissen

Klicken Sie hier um das Quiz zu spielen!

Allgemein

  • Dieses Quiz wurde 251 mal gespielt
  • Das Durchschnittsergebnis liegt bei 5 aus 15

Antwortstatistiken

HintAntwort% Korrekt
Auf welcher Website kann man quizzen?Jetpunk
98%
Wer ist der amtierende französische Präsident?Emmanuel Macron
79%
Mit welcher Währung zahlt man in Indien?Rupee
56%
Wo fanden die olympischen Spiele 1972 statt?München
52%
Apropos Mond. Welche Sportart wurde dort bereits gespielt?Golf
44%
Wer gewann die Meisterschaft direkt nach dem Aufstieg?Kaiserslautern
44%
Wie heißt der Weihnachtsmann in Russland?Väterchen Frost
41%
Wer war der zweite Mensch auf dem Mond?Buzz Aldrin
33%
Wie war der Spielstand beim höchsten Sieg in der Bundesliga?12:0
27%
Wer verlor das Spiel?Dortmund
27%
Wie heißt der Schauspieler von Luke Skywalker?Mark Hamill
22%
Wie heißt der Regenplanet in Star Wars, auf dem die Klone geklont werden?Kamino
15%
Welche Band spielt den aktuellen HSV-Song?Abschlach
3%
Was bedeutet "Mann" auf finnisch?Mies
3%
In welchem Stadtteil liegt der hamburger Hauptbahnhof?Sankt Georg
3%

Verteilung der Resultate

Perzentil nach korrekt beantworteten Fragen

Anzahl Personen mit jedem Resultat

Ihre Resultats-Entwicklung

Sie haben dieses Quiz noch nicht gespielt